Los indios / (Registro nro. 11081)

Detalles MARC
000 -LIDER
fixed length control field 00753nam a22002417a 4500
001 - NÚMERO DE CONTROL
Identificador de número de control 000436
003 - IDENTIFICACDOR DE NÚMERO DE CONTROL
control field DO-SdBNP
005 - DATE AND TIME OF LATEST TRANSACTION
control field 20180131103906.0
007 - CAMPOS FIJOS DE DESCRIPCIÓN FÍSICA
fixed length control field 000436
008 - ELEMENTOS DE LONGITUD FIJA
fixed length control field 160803b 1976 sp a ||||| |||| 00| 0 spa d
020 ## - ISBN
International Standard Book Number 8472225070
040 ## - FUENTE DE CATALOGACIÓN
Agencia que crea de manera original el registro BPMSU
Idioma de catalogación spa
Agencia que realiza la transcripción BPMSU
092 ## - LOCALLY ASSIGNED DEWEY DECIMAL CALL NUMBER
Número de clasificación xxxxx
Número de ítem (Cutter) xxxxxx
100 1# - ASIENTO PRINCIPAL -- NOMBRE PERSONAL
Nombre personal Pellissier, Simone
245 10 - MENCIÓN DE TITULO
Título Los indios /
Mención de responsabilidad Simone Pellissier y sus alumnos ; versión del francés de Janine Muls de Liarás.
260 ## - PUBLICACIÓN, DISTRIBUCIÓN, ETC. (PIE DE IMPRENTA)
Lugar de publicación, distribución, etc Barcelona :
Nombre del editor, distribuidor, etc. Laia,
Fecha de publicación, distribución, etc 1976.
300 ## - DESCRIPCIÓN FÍSICA
Extensión 24 p. :
Otros detalles físicos il. ;
Dimensiones 23 cm.
490 1# - MENCIÓN DE SERIES
Mención de serie Biblioteca de trabajo junior
Volume/sequential designation 8
830 #8 - ASIENTO SECUNDARIO DE SERIE--TÍTULO UNIFORME
Título uniforme Biblioteca de trabajo junior ;
Volume number/sequential designation 8
942 ## - ADDED ENTRY ELEMENTS (KOHA)
Source of classification or shelving scheme Dewey Decimal Classification
Koha item type Libros
945 ## - INFORMACIÓN DE PROCESAMIENTO LOCAL
Información de procesamiento local Inventariado extraviado / 2018 VM
956 ## - LOCAL ELECTRONIC LOCATION AND ACCESS (OCLC)
Método de acceso LOPEREZ
Materiales especificados 10
Enlace 20160308
Campo enlazado y núm. de secuencia BPMSU
Nombre de host 00041
Existencias
Withdrawn status Lost status Source of classification or shelving scheme Damaged status Not for loan Collection code Home library Current library Date acquired Total Checkouts Barcode Date last seen Price effective from Koha item type
    Dewey Decimal Classification     Colección General Biblioteca Pública Metropolitana Salomé Ureña Biblioteca Pública Metropolitana Salomé Ureña 08/03/2016   BPMSU16080027 08/03/2016 08/03/2016 Libros